Statistics for General Science Logic Puzzle

Click here to take the quiz!

General Stats

  • This quiz has been taken 101 times
  • The average score is 12 of 24

Answer Stats

HintAnswer% Correct
Each row represents a different scientific category, and only elements contained within that category will be found in the row. A4 contains the constant that is equal to approximately 3.14159.*Nucleus* - Each row represents a different scientific category, and only elements contained within that category will be found in the row. A4 contains the constant that is equal to approximately 3.14159.
99%
The elements of the Periodic Table found in Row 1 are ordered by increasing atomic mass. D1 contains an alkali metal named after a country bordering Andorra and Monaco.*Pi* - The elements of the Periodic Table found in Row 1 are ordered by increasing atomic mass. D1 contains an alkali metal named after a country bordering Andorra and Monaco.
98%
The moons of Mars are adjacent to each other. B3 contains a programming language named after a large, constricting snake.*Francium* - The moons of Mars are adjacent to each other. B3 contains a programming language named after a large, constricting snake.
84%
The namesake of E1 is known for proving an equation that incorporates D4. A5 is often known as the powerhouse of the cell.*Python* - The namesake of E1 is known for proving an equation that incorporates D4. A5 is often known as the powerhouse of the cell.
78%
C2 is named after the Greek god of panic, who is also the root of a common suffix meaning "fear of". The symbol for C1 is W.*Mitochondria* - C2 is named after the Greek god of panic, who is also the root of a common suffix meaning "fear of". The symbol for C1 is W.
76%
The two programming languages whose names come from an Indonesian island are in this puzzle, but are not adjacent to each other. The one that involves script-based coding can be found in the same column as the satellite named after the Greek god of terror and dread.*Tungsten* - The two programming languages whose names come from an Indonesian island are in this puzzle, but are not adjacent to each other. The one that involves script-based coding can be found in the same column as the satellite named after the Greek god of terror and dread.
70%
C1 starts with the letter T.*Phobos* - C1 starts with the letter T.
65%
The dwarf planet named after the Roman goddess of the harvest is in this quiz, but is not adjacent to a moon.
*Java* - The dwarf planet named after the Roman goddess of the harvest is in this quiz, but is not adjacent to a moon.
55%
E4 represents an imaginary number.*Deimos* - E4 represents an imaginary number.
46%
In some programming languages, a variable can be incremented by 1 using the command var++, or decremented by 1 using var--.
*Einsteinium* - In some programming languages, a variable can be incremented by 1 using the command var++, or decremented by 1 using var--.
44%
B4 is equal to 6.62607015 × 10^-34.*Ribosome* - B4 is equal to 6.62607015 × 10^-34.
44%
C5 starts with the letter R.*Ceres* - C5 starts with the letter R.
43%
Ribosomes can be found in the part of the cell contained in D5, which can be abbreviated ER.*C++* - Ribosomes can be found in the part of the cell contained in D5, which can be abbreviated ER.
43%
Under the only element of the Periodic Table that begins with the letter X is a famous mark created by the largest storm in the solar system.*Speed of Light (c)* - Under the only element of the Periodic Table that begins with the letter X is a famous mark created by the largest storm in the solar system.
41%
---*Xenon*
41%
---*i*
40%
The part of the cell that performs protein synthesis is in the same column as Tungsten.*JavaScript* - The part of the cell that performs protein synthesis is in the same column as Tungsten.
40%
The natural log of one of the constants in Row 4 is equal to 1.*The Great Red Spot* - The natural log of one of the constants in Row 4 is equal to 1.
39%
The name of the programming language in between Python and JavaScript is named after the letter of its column incremented by 1.*Euler's Number (e)* - The name of the programming language in between Python and JavaScript is named after the letter of its column incremented by 1.
38%
D4 represents a very high speed.*Planck's Constant* - D4 represents a very high speed.
38%
The plastid used for photosynthesis is in this puzzle.*HTML* - The plastid used for photosynthesis is in this puzzle.
33%
---*Chloroplast*
31%
The planet with the mark in B2 has 4 moons that are significantly larger than the rest: Europa, Ganymede, Callisto, and E2.*Endoplasmic Reticulum* - The planet with the mark in B2 has 4 moons that are significantly larger than the rest: Europa, Ganymede, Callisto, and E2.
31%
E3 contains the programming language that is less often known as Hypertext Markup Language.*Io* - E3 contains the programming language that is less often known as Hypertext Markup Language.
29%

Score Distribution

Percentile by Number Answered

Percent of People with Each Score

Your Score History

You have not taken this quiz